Denežnyje rasčety socialističeskich predprijatij

Na minha lista:
Detalhes bibliográficos
Formato: Livro
Idioma:russo
Publicado em: Moskva Gosfinizdat 1950
Tags: Adicionar Tag
Sem tags, seja o primeiro a adicionar uma tag!

MARC

LEADER 00000nam a2200000 4500
001 0308097
005 20250410130755.7
041 0 |a rus 
044 |a RU 
245 1 0 |a Denežnyje rasčety socialističeskich predprijatij  |c Ja. E. Rubinštejn 
264 1 |a Moskva  |b Gosfinizdat  |c 1950